Statystyki dla Premierzy Ukrainy

Kliknij tutaj aby rozwiązać quiz!

Ogólne statystyki

  • Ten quiz został rozwiązany 16 razy
  • Średni wynik to 7 z 23

Statystyki odpowiedzi

Lata kadencjiImię i nazwisko% Poprawnych
2002-2005Wiktor Janukowycz
90%
2006-2007Wiktor Janukowycz
90%
1999-2001Wiktor Juszczenko
80%
2007-2010Julia Tymoszenko
70%
2005Julia Tymoszenko
70%
1992-1993Łeonid Kuczma
60%
2014-2016Arsenij Jaceniuk
40%
2020-Denys Szmyhal
40%
2005Mykoła Azarow
30%
2010-2014Mykoła Azarow
30%
2001-2002Anatolij Kinach
20%
1993-1994Juchym Zwiahilski
10%
2005-2006Jurij Jechanurow
10%
2019-2020Ołeksij Honczaruk
10%
2014Serhij Arbuzow
10%
1991-1992Witold Fokin
10%
2016-2019Wołodymyr Hrojsman
10%
1995-1996Jewhen Marczuk
0%
1996-1997Pawło Łazarenko
0%
1992Wałentyn Symonenko
0%
1997-1999Wałerij Pustowojtenko
0%
1997Wasyl Durdyneć
0%
1994-1995Witalij Masoł
0%

Rozkład punktacji

Percentyl według liczby udzielonych odpowiedzi

Procent ludzi z każdym wynikiem

Twoja historia wyników

Nie rozwiązałeś tego quizu